000 00201nam a22000857a 4500
001 1239558
005 20251008094433.0
245 _aİYİLİK TİMİ
_cMETİN ÖZDAMARLAR
260 _bGENÇ TİMAŞ YAYINLARI
999 _c1239558
_d1239558